| 000 | 02116nam a2200313 a 4500 | ||
|---|---|---|---|
| 001 | ASIN0415819210 | ||
| 005 | 20170105102930.0 | ||
| 008 | 140115s2013 xxu eng d | ||
| 020 |
_a0415819210 (hardcover) _c$125.00 |
||
| 020 | _a9780415819213 (hardcover) | ||
| 040 | _a0 | ||
| 050 | 0 | 4 | _aPN4784.W37 |
| 082 | 0 | 4 |
_a070.43330941 _bBEN 2013 |
| 100 | 1 | _aBennett, Daniel. | |
| 245 | 1 | 0 |
_aDigital media and reporting conflict : _bblogging and the bbc's coverage of war and terrorism / _cDaniel Bennett. |
| 260 |
_a[S.l.] : _bRoutledge, _c2013. |
||
| 300 |
_a292 p. ; _c24 cm. |
||
| 490 | 1 | _aRoutledge research in journalism. | |
| 520 | _aThis book explores the impact of new forms of online reporting on the BBC’s coverage of war and terrorism. Informed by the views of over 100 BBC staff at all levels of the corporation, Bennett captures journalists’ shifting attitudes towards blogs and internet sources used to cover wars and other conflicts. He argues that the BBC’s practices and values are fundamentally evolving in response to the challenges of immediate digital publication. Ongoing challenges for journalism in the online media environment are identified: maintaining impartiality in the face of calls for more open personal journalism; ensuring accuracy when the power of the "former audience" allows news to break at speed; and overcoming the limits of the scale of the BBC’s news operation in order to meet the demands to present news as conversation. While the focus of the book is on the BBC’s coverage of war and terrorism, the conclusions are more widely relevant to the evolving practice of journalism at traditional media organizations as they grapple with a revolution in publication. | ||
| 650 | 0 | _aBritish Broadcasting Corporation | |
| 650 | 0 | _aGreat Britain | |
| 650 | 0 | _aJournalism--Objectivity | |
| 650 | 0 | _aOnline journalism | |
| 650 | 0 | _aTerrorism--Press coverage | |
| 650 | 0 | _aWar--Press coverage | |
| 830 | 0 | _aRoutledge research in journalism. | |
| 856 | 4 | 0 |
_3Amazon.com _uhttp://www.amazon.com/exec/obidos/ASIN/0415819210/chopaconline-20 |
| 942 |
_2ddc _cBK |
||
| 999 |
_c16016 _d16016 |
||